Missing Word: Science Fiction Movies II Quiz Stats

Quiz Updated Mar 5, 2016

Challenge
Share
Tweet
Embed
Score 0/20 Timer 03:00
1 Play Today
Movie Title Missing Word % Correct
E.T. the ____-TerrestrialExtra
94.8%
Fantastic ____Voyage
89.8%
____ in BlackMen
88.9%
A ____ OrangeClockwork
81.5%
Bill & Ted's ____ AdventureExcellent
73.9%
The ____ WivesStepford
72%
I Am ____ FourNumber
70.1%
Eternal Sunshine of the ____ MindSpotless
68.7%
____ Gordon Flash
68.2%
Mars Needs ____Moms
59.4%
Movie Title Missing Word % Correct
The Andromeda ____Strain
52.8%
Galaxy ____Quest
52.7%
Logan's ____Run
45.6%
Forbidden ____Planet
45.3%
The Man Who ____ to Earth Fell
44.8%
Altered ____States
30%
Star Trek VI: The ____ CountryUndiscovered
17%
Things to ____Come
11.6%
Save The ____ Planet!Green
9.5%
The ____ From Another Planet Brother
7.8%

Today's Daily Dose

You're not logged in!

Compare scores with friends on all Sporcle quizzes.
Sign Up with Email
OR
Log In

You Might Also Like...

Show Comments

Extras

Top Quizzes Today


Score Distribution

Your Account Isn't Verified!

In order to create a playlist on Sporcle, you need to verify the email address you used during registration. Go to your Sporcle Settings to finish the process.